TNA Impact Wrestling Champions by Year - 2021 - Statistics

General Stats
  • This quiz has been taken 61 times
    59 since last reset
  • The average score is 22 of 27
Answer Stats
Title Date Event Wrestler % Correct
Impact World August 13 AEW Rampage Christian Cage
100%
Impact World October 23 Bound for Glory Josh Alexander
100%
X-Division April 25 Rebellion Josh Alexander
100%
Impact World April 25 Rebellion Kenny Omega
100%
Impact World October 23 Bound for Glory Moose
96%
TNA World Heavyweight February 23 Impact Moose
96%
Knockouts Tag Team April 25 Rebellion Jordynne Grace
92%
Digital Media October 23 Bound for Glory Jordynne Grace
92%
X-Division March 13 Sacrifice Ace Austin
85%
World Tag Team July 17 Slammiversary Doc Gallows
81%
World Tag Team July 17 Slammiversary Karl Anderson
81%
Knockouts World October 23 Bound for Glory Mickie James
81%
Knockouts Tag Team October 23 Bound for Glory Cassie Lee
77%
World Tag Team May 17 Impact Joe Doering
77%
World Tag Team May 17 Impact Rhino
77%
TNA World Heavyweight March 13 Sacrifice Rich Swann
77%
Knockouts Tag Team January 16 Hard to Kill Tasha Steelz
77%
Knockouts Tag Team May 15 Under Siege Tasha Steelz
77%
Knockouts Tag Team October 23 Bound for Glory Jessie McKay
69%
Knockouts Tag Team January 16 Hard to Kill Kiera Hogan
69%
Knockouts Tag Team May 15 Under Siege Kiera Hogan
69%
Knockouts Tag Team April 25 Rebellion Rachael Ellering
69%
X-Division October 23 Bound for Glory Trey Miguel
69%
World Tag Team March 13 Sacrifice David Finlay
65%
Knockouts Tag Team July 17 Slammiversary (Pre-Show) Havok
65%
World Tag Team March 13 Sacrifice Juice Robinson
65%
Knockouts Tag Team July 17 Slammiversary (Pre-Show) Rosemary
65%
No matching quizzes found
Score Distribution
Percent of People with Each Score
Percentile by Number Answered
Your Score History
You have not taken this quiz since the last reset